| 000 | 00663nam a22001697a 4500 | ||
|---|---|---|---|
| 003 | OSt | ||
| 005 | 20241203121417.0 | ||
| 008 | 241112b |||||||| |||| 00| 0 eng d | ||
| 041 | _aEnglish | ||
| 082 | _aPM/CDP/14 Acc No 10,154 | ||
| 100 | _aSETH E. Terkper And AMIN Amidu Sulemani | ||
| 110 | _aMinister Of Finance And Minister Of Roads And Highways | ||
| 245 | _aThe Waiver Of Taxes And Duties For The Awoshie Pokuase Road construction And Community Development Project (Section 2: KM3+000-KM15+120) | ||
| 300 | _a14p | ||
| 650 | _2The Awoshie Pokuase Road construction And Community Development Project (Section 2: KM3+000-KM15+120) | ||
| 942 |
_2ddc _cMOU _n0 |
||
| 999 |
_c4745 _d4745 |
||